LEADER 00916nam0-2200325---450- 001 990008818690403321 005 20090305143204.0 010 $a1-84127-321-X 035 $a000881869 035 $aFED01000881869 035 $a(Aleph)000881869FED01 035 $a000881869 100 $a20090305d2003----km-y0itay50------ba 101 0 $aeng 102 $aGB$aUS 105 $ay-------001yy 200 1 $aPlant molecular breeding$fedited by H. John Newbury 210 $aOxford$cBlackwell$aBoca Raton$cCRC Press$dc2003 215 $aXIV, 265 p.$d24 cm 225 1 $aBiological sciences series 610 0 $aBiologia molecolare vegetale 676 $a581.88$v20$zita 702 1$aNewbury,$bH. John 801 0$aIT$bUNINA$gRICA$2UNIMARC 901 $aBK 912 $a990008818690403321 952 $a60 581.88 B 3$b11814$fFAGBC 959 $aFAGBC 996 $aPlant molecular breeding$9807231 997 $aUNINA LEADER 00913nam0-22003251i-450 001 990007789470403321 005 20220930200635.0 010 $a88-13-23770-7 035 $a000778947 035 $aFED01000778947 035 $a(Aleph)000778947FED01 100 $a20030814d2002----km-y0itay50------ba 101 0 $aita 102 $aIT 200 1 $a<>contratto preliminare$fEugenia Serrao 210 $aPadova$cCedam$dc2002 215 $aXIV, 411 p.$d24 cm 225 1 $aDiritto italiano$htrattato diretto da Paolo Cendon$v10 610 0 $aCONTRATTO - formazione del 676 $a346.022$v23$zita 700 1$aSerrao,$bEugenia$0279517 801 0$aIT$bUNINA$gRICA$2UNIMARC 901 $aBK 912 $a990007789470403321 952 $a16 AA 449$b12303$fDDCP 952 $aVIII P 41 (10)$b45979*$fFGBC 959 $aFGBC 959 $aDDCP 996 $aContratto preliminare$9281188 997 $aUNINA LEADER 01323nam 2200421 450 001 9910807798803321 005 20240131180839.0 010 $a1-62625-843-0 035 $a(CKB)4340000000247158 035 $a(MiAaPQ)EBC5306718 035 $a(EXLCZ)994340000000247158 100 $a20180315h20182018 uy 0 101 0 $aeng 135 $aurcnu|||||||| 181 $2rdacontent 182 $2rdamedia 183 $2rdacarrier 200 14$aThe anxious thoughts workbook$b[electronic resource] $eskills to overcome the unwanted intrusive thoughts that drive anxiety, obsessions, and depression /$fDavid A. Clark 210 1$aOakland, California :$cNew Harbinger Publications, Inc.,$d2018. 210 4$dİ2018 215 $a1 online resource (186 pages) 311 $a1-62625-842-2 320 $aIncludes bibliographical references. 606 $aIntrusive thoughts 606 $aAnxiety$xPrevention 606 $aAffective disorders 615 0$aIntrusive thoughts. 615 0$aAnxiety$xPrevention. 615 0$aAffective disorders. 676 $a616.85/22 700 $aClark$b David A.$f1954-$01610650 801 0$bMiAaPQ 801 1$bMiAaPQ 801 2$bMiAaPQ 906 $aBOOK 912 $a9910807798803321 996 $aThe anxious thoughts workbook$94097480 997 $aUNINA